000 00601nam a2200181Ia 4500
008 100920s9999 xx 000 0 und d
082 _b86131
_a891.463.1 थ 72
100 _aजोशी यशवंत गोपाळ.
245 _aश्रीकांत.
260 _bप्रसाद रौप्यमहोत्सवी प्रकाशन, पुणे.
_c1972
300 _a112
_bसाधी
365 _b5
520 _aलघुकथा.
630 _aश्रीकांत.
650 _aलघुकथा.
730 _aश्रीकांत.
942 _cBOOK
999 _c726641
_d726638